Кейсы в организационном поведении: учебное пособие

Detalles Bibliográficos
Autor Principal: Шрайбер Н. Ю. Наталья Юрьевна
Autor Corporativo: Национальный исследовательский Томский политехнический университет (ТПУ)
Summary:Заглавие с титульного экрана
Электронная версия печатной публикации
Пособие состоит из девяти разделов и входит в состав учебного курса "Организационное поведение" читаемого автором студентам Института инженерного предпринимательства ТПУ по направлению "Менеджмент". Выбор тем обусловлен общепринятым подходом к изучению организационного поведения, охватывающий широкий круг вопросов, которые относятся к роли менеджмента в обеспечении эффективности индивидуальных, групповых и организационных действий. Может быть использовано в рамках подготовки студентов четвертого курса по дисциплине "Профессиональный английский язык" по направлению "Международный менеджмент", а также для обучения студентов, аспирантов и тех, кто получает психологическое, управленческое, экономическое образование в системе подготовки, переподготовки и повышения квалификации кадров.
Режим доступа: из корпоративной сети ТПУ
Idioma:inglés
ruso
Publicado: Томск, Изд-во ТПУ, 2011
Subjects:
Acceso en liña:http://www.lib.tpu.ru/fulltext2/m/2011/m411.pdf
Formato: MixedMaterials Electrónico Libro
KOHA link:https://koha.lib.tpu.ru/cgi-bin/koha/opac-detail.pl?biblionumber=204938

MARC

LEADER 00000nlm0a2200000 4500
001 204938
005 20231101225240.0
035 |a (RuTPU)RU\TPU\book\223385 
090 |a 204938 
100 |a 20111205d2011 m y0rusy50 ca 
101 0 |a eng  |a rus 
102 |a RU 
105 |a a j 001zy 
135 |a drgn ---uucaa 
181 0 |a i  
182 0 |a b 
200 1 |a Кейсы в организационном поведении  |b Электронный ресурс  |d Case Studies in Organisational Behaviour  |e учебное пособие  |f Н. Ю. Шрайбер  |g Национальный исследовательский Томский политехнический университет (ТПУ) 
203 |a Текст  |c электронный 
210 |a Томск  |c Изд-во ТПУ  |d 2011 
230 |a 1 компьютерный файл (pdf; 686 KB) 
300 |a Заглавие с титульного экрана 
300 |a Электронная версия печатной публикации 
330 |a Пособие состоит из девяти разделов и входит в состав учебного курса "Организационное поведение" читаемого автором студентам Института инженерного предпринимательства ТПУ по направлению "Менеджмент". Выбор тем обусловлен общепринятым подходом к изучению организационного поведения, охватывающий широкий круг вопросов, которые относятся к роли менеджмента в обеспечении эффективности индивидуальных, групповых и организационных действий. Может быть использовано в рамках подготовки студентов четвертого курса по дисциплине "Профессиональный английский язык" по направлению "Международный менеджмент", а также для обучения студентов, аспирантов и тех, кто получает психологическое, управленческое, экономическое образование в системе подготовки, переподготовки и повышения квалификации кадров. 
333 |a Режим доступа: из корпоративной сети ТПУ 
337 |a Adobe Reader 
452 1 |0 (RuTPU)RU\TPU\book\221448  |t Кейсы в организационном поведении  |l Case Studies in Organisational Behaviour  |f Н. Ю. Шрайбер  |g Национальный исследовательский Томский политехнический университет (ТПУ)  |c Томск  |n Изд-во ТПУ  |d 2011  |p 84 с.  |a Шрайбер, Наталья Юрьевна 
510 1 |a Case Studies in Organisational Behaviour  |z eng 
606 1 |a Английский язык  |x Учебные руководства и пособия  |x Учебные руководства и пособия для высшей школы  |2 stltpush  |3 (RuTPU)RU\TPU\subj\29071  |9 52483 
610 1 |a электронный ресурс 
610 1 |a труды учёных ТПУ 
610 1 |a профессиональный английский язык 
610 1 |a английский язык 
610 1 |a лексика 
610 1 |a грамматика 
610 1 |a разговорная речь 
610 1 |a организационное поведение 
610 1 |a упражнения 
610 1 |a кейсы 
610 1 |a учебные пособия 
686 |a Ш143.21-923  |v LBC/SL-A  |2 rubbk 
700 1 |a Шрайбер  |b Н. Ю.  |c специалист в области менеджмента  |c доцент Томского политехнического университета  |g Наталья Юрьевна  |2 stltpush  |3 (RuTPU)RU\TPU\pers\28851 
712 0 2 |a Национальный исследовательский Томский политехнический университет (ТПУ)  |c (2009- )  |2 stltpush  |3 (RuTPU)RU\TPU\col\15902 
801 1 |a RU  |b 63413507  |c 20111205 
856 4 |u http://www.lib.tpu.ru/fulltext2/m/2011/m411.pdf 
942 |c CF